Sohag in Upper Egypt : a glorious history /

محفوظ في:

المؤلف الرئيسي: Kanawati, Naguib (مؤلف)

مؤلفون آخرون: Scannell, Reece.

التنسيق: كتاب

اللغة: English

منشور في: Guizeh, Egypt : Ministry of Culture, Foreign Cultural Relations, 1999.

الطبعة: 2nd print.

سلاسل: Prism archaeological series ; 4.

الموضوعات:

الوسوم: إضافة وسم

لا توجد وسوم, كن أول من يضع وسما على هذه التسجيلة!

رقم الطلب: DT43 .E74 P75 v.4

LEADER 01039namaa2200301 4500
001 12610
003 OSt
005 20250514071802.0
008 130303s1999 ua abf b 000 0 eng d
010 |a 92960342 
020 |a 9773051137 
040 |c ARCE Library 
043 |a f-ua--- 
050 4 |a DT43 .E74 P75 v.4 
100 1 |a Kanawati, Naguib,  |e author  |9 33569 
245 1 0 |a Sohag in Upper Egypt :   |b a glorious history /   |c text by Naguib Kanawati ; photographs by Reece Scannell. 
250 |a 2nd print. 
264 1 |a Guizeh, Egypt :   |b Ministry of Culture, Foreign Cultural Relations,   |c 1999. 
300 |a 82, 57 pages of plates :  |b illustrations (some color), maps ;  |c 21 cm. 
490 1 |a Prism archaeological series ;   |v 4. 
504 |a Includes bibliographical references (p. 82) 
651 0 |a Egypt  |x Description and travel. 
651 0 |a Sūhāj (Egypt : Province)  |x Antiquities. 
700 1 |a Scannell, Reece.  |9 39328 
830 0 |a Prism archaeological series ;   |v  4. 
901 |a reviewed 
942 |c BK  |2 lcc 
999 |c 12815  |d 12815